Paroles - Défaite de famille - Orelsan - Statistiques

Statistiques générales
  • Ce quiz a été pris 3 653 fois
  • Le résultat moyen est 235 sur 378
Statistiques - réponses
Paroles % Correct
de
98%
le
98%
Les
97%
les
97%
à
96%
a
96%
À
96%
ma
96%
je
95%
pour
94%
famille (Wooh)
93%
la
93%
93%
des
92%
fête
92%
un
92%
Un
92%
ça
91%
est
91%
au
90%
Au
90%
pas
90%
sur
90%
sûr
90%
dans
89%
Dans
89%
en
89%
En
89%
89%
ou
89%
par
89%
vous
89%
Me
88%
que
88%
tous
88%
fêtes
87%
j'ai
87%
qui
87%
si
87%
ai
86%
baiser
86%
p'tit
86%
se
86%
trop
86%
et
85%
Et
85%
fait
85%
vie
85%
avec
84%
J'déteste
84%
j'en
84%
qu'à
84%
danser
83%
ici
83%
il
83%
j'suis
83%
lycée
83%
minuit
83%
quand
83%
réunis
83%
soirées
83%
table
83%
c'est
82%
C'est
82%
Déjà
82%
démons
82%
d'jà
82%
enfants
82%
plus
82%
chanter
81%
mais
81%
Mais
81%
peu
81%
t'es
81%
tes
81%
T'es
81%
une
81%
maman
80%
Parce
80%
parce
80%
pourquoi
80%
son
80%
Y
80%
y
80%
chien
79%
tu
79%
cousines
78%
l'triso
78%
même
78%
d'l'alcool
77%
du
77%
Gifi
77%
quitte
77%
risquer
77%
dire
76%
d'la
76%
Manger
76%
sous
76%
comme
75%
marrant
75%
Mon
75%
prochain
75%
toujours
75%
ans
74%
gueule
74%
j'vois
74%
l'sang
74%
blinis
73%
mec
73%
on
73%
préfère
73%
rien
73%
assis
72%
blagues
72%
canard
72%
Delphine
72%
détail
72%
envisagé
72%
leur
72%
moi
72%
parents
72%
part
72%
t'as
72%
T'as
72%
trouviez
72%
bourré
71%
d'Christian
71%
fois
71%
mousse
71%
plaindre
71%
Puisqu'on
71%
sert
71%
vieux ?
71%
cul
70%
préparé
70%
yeux
70%
d'trente
69%
Mamie
69%
peux
69%
s'méfier
69%
beau-
68%
Murielle
68%
vide
68%
avouer
67%
J'comprends
67%
peur
67%
baiserait
66%
bon
66%
d'entendre
66%
pute
66%
Tonton
66%
vos
66%
âge
65%
but ?
65%
carton
65%
daron
65%
passé
65%
qu'on
65%
regardez
65%
speech
65%
tata
65%
J'crois
64%
j'dois
64%
t'aime
64%
assiettes
63%
derrière
63%
faire
63%
garé
63%
l'année
63%
mari
63%
militaire
63%
n'avez
63%
papy
63%
qu'elle
63%
stroboscopes
63%
ambiance
62%
beauf
62%
l'même
62%
qu'papa
62%
trois
62%
chose
61%
cousins
61%
dernière
61%
doigts
61%
Hitler
61%
nous
61%
rétros
61%
toi
61%
trompe
61%
ballons
60%
elle
60%
m'as
60%
mes
60%
(mmh) j'sais
60%
Nico
60%
secoué
60%
tué
60%
Bruno
59%
frère
59%
gonfler
59%
j'étais
59%
lave
59%
près
59%
prochaine
59%
tenais
59%
autres
58%
d'Arc
58%
femme
58%
héros
58%
Jeanne
58%
mytho
58%
qu'il
58%
qu'tu
58%
vrai
58%
c'était
57%
Pardon
57%
raconte-
57%
ancêtre
56%
arrête
56%
copain-
56%
copain
56%
depuis
56%
époque
56%
été
56%
imposée
56%
jamais
56%
l'après-midi
56%
toutes
56%
veux
56%
baisait
55%
commun
55%
crevarde
55%
nouvelle
55%
p't-être
55%
sait
55%
seule
55%
trompait
55%
utiliseras
55%
yo-yo
55%
l'genre
54%
secondes
54%
Vincent
54%
voie
54%
bonne
53%
faut
53%
frangine
53%
lointains
53%
parlant
53%
qu'un
53%
t'étais
53%
village
53%
v'nez
53%
blondinet
52%
D'ailleurs
52%
l'autre
52%
ragot
52%
t'avais
52%
"wesh"
52%
juste
51%
mis
51%
noms
51%
s'rait
51%
continues
50%
d'installation
50%
écrire
50%
J't'en
50%
met
50%
conne
49%
côté
49%
d'pute
49%
nombre
49%
personne
49%
tripotant
49%
chaque
48%
gobelets
48%
neuf
48%
père
48%
va
48%
beaucoup
47%
compliqués
47%
d'faire
47%
d'moi
47%
joints
47%
Message
47%
passion
47%
pile
47%
point
47%
politiques
47%
putain
47%
encore
46%
réseaux
46%
accueillir
45%
baraques
45%
clichés
45%
Merci
45%
passes
45%
Pendant
45%
roulant
45%
alimenter
44%
Arnaud
44%
d'ancêtre
44%
sociaux
44%
Arabes
43%
assez
43%
belle
43%
d'être
43%
gueules
43%
Pardonnez-
43%
photo
43%
terrorisme
43%
très
43%
bouffies
42%
devait
42%
d'l'alcoolisme
42%
héritage
42%
ironie
42%
j'aimerais
42%
J'aimerais
42%
nourrir
42%
problème
42%
qu'mon
42%
Terre
42%
Caro
41%
d'enculés
41%
venu
41%
visages
41%
voiture
41%
brûler
40%
cartons
40%
mourir
40%
piller
40%
quelques
40%
vrais
40%
bobo
39%
prolos
39%
récitait
39%
utilisant
39%
Vu
39%
choses
38%
d'un
38%
jouer
38%
porter
38%
autonome
37%
m'impressionner
37%
moins
37%
bien
36%
J'avais
36%
avait
35%
d'porcs
35%
m'écoute
35%
passage
35%
rentrer
35%
s'il
35%
t'prendre
35%
villages
35%
d'chance
34%
Profiter
34%
radar
34%
suffit
34%
pouvoir
33%
disant
31%
qu'ton
31%
regardait
31%
Paulo
29%
m'demander
28%
attacher
26%
j'arrive
26%
J'espère
26%
mômes
26%
finir
25%
tatie
25%
sourires
20%
importe
19%
qu'peu
18%
Aucun quiz correspondant
Distribution des résultats
% des personnes avec chaque résultat
Percentile par nombre de réponses
Votre historique - résultats
Vous n’avez pas pris ce quiz